banner koha

EFFECTS OF ARTIFICIAL SHADING AND IRRIGATION WITH BRACKISH WATER ON THE INITIAL DEVELOPMENT OF Anadenanthera colubrina(Vell.) Brenan PLANTS (Registro n. 330311)

MARC details
000 -LÍDER
fixed length control field 04506nab a2200373 i 4500
003 - CÓDIGO MARC DA AGÊNCIA CATALOGADORA
Campo de controle BR-BrBNA
005 - DATA E HORA DA ÚLTIMA ATUALIZAÇÃO
Campo de controle 20250310200702.0
008 - CAMPO DE TAMANHO FIXO
fixed length control field 250310b2022 bl.ar|pooa||| 00| 0 eng |
040 ## - FONTE DA CATALOGAÇÃO
Agência catalogadora BR-BrBNA
Idioma da catalogação eng
072 ## - CATEGORIA AGRIS
Código AGRIS K10
Código do objeto 3295
072 ## - CATEGORIA AGRIS
Código AGRIS F60
100 ## - ENTRADA PRINCIPAL - NOME PESSOAL
Nome pessoal Pinho, Luciana Luzia
100 ## - ENTRADA PRINCIPAL - NOME PESSOAL
Nome pessoal Lacerda, Claudivan Feitosa de
100 ## - ENTRADA PRINCIPAL - NOME PESSOAL
Nome pessoal Sousa, João Alencar de
100 ## - ENTRADA PRINCIPAL - NOME PESSOAL
Nome pessoal Santos, Alisson Moura
100 ## - ENTRADA PRINCIPAL - NOME PESSOAL
Nome pessoal Bezerra, Antônio Marcos Esmeraldo
100 ## - ENTRADA PRINCIPAL - NOME PESSOAL
Nome pessoal Cavalcante, Eduardo Santos
100 ## - ENTRADA PRINCIPAL - NOME PESSOAL
Nome pessoal Sales, Jonnathan Richeds da Silva
245 ## - TÍTULO PRINCIPAL
Título principal EFFECTS OF ARTIFICIAL SHADING AND IRRIGATION WITH BRACKISH WATER ON THE INITIAL DEVELOPMENT OF Anadenanthera colubrina(Vell.) Brenan PLANTS
500 ## - NOTA GERAL
Nota geral Publicação on-line; 48 ref.; 3 illus; Sumaries (En, Pt)
942 ## - ADDED ENTRY ELEMENTS (KOHA)
Koha item type Analítica
520 ## - NOTA DE RESUMO
Nota de conteúdo <br/>ABSTRACT – The use of management strategies or changes in the cultivation environment can reduce the impacts of irrigation water salinity on plant development. Therefore, in this research, physiological responses, initial growth, and plant quality of Anadenanthera colubrina (Vell.) Brenan (Angico Branco) were evaluated under diff erent levels of shading and electrical conductivity of the irrigation water, seeking to identify the most favorable conditions for the development of this species using brackish water. The experiment was carried out in randomized blocks with split plots and four replications. The plots were formed by four environments with diff erent shading levels: 0 (full sun), 30, 50, and 70%, and the subplots, formed by fi ve increasing levels of electrical conductivity of the irrigation water: 0.4, 1.6, 2.8, 4.0, and 5.2 dS.m-1. The following variables were evaluated: substrate electrical conductivity, leaf gas exchange, plant height, biomass production, and Dickson quality index at 40 days in a nursery. The use of artifi cial shading favored plant development and photosynthesis rate, even when irrigated with moderate and high salinity water. The DQI showed that A. colubrina plants presented higher quality index when produced under intermediate shading (30% and 50%), with yield losses below 20% when irrigated with water with electrical conductivity up to 2.8 dS.m-1 .<br/><br/>Keywords: Angico Branco; Light intensity; Saline stress.
520 ## - NOTA DE RESUMO
Nota de conteúdo <br/>RESUMO – O uso de estratégias de manejo ou alterações no ambiente de cultivo podem reduzir os impactos da salinidade da água de irrigação sobre o desenvolvimento vegetal. Assim, nessa pesquisa foram avaliadas respostas fisiológicas, crescimento inicial e qualidade de plantas de Anadenanthera colubrina (Vell.) Brenan (Angico Branco) sob diferentes níveis de sombreamento e condutividade elétrica da água de irrigação, buscando-se identificar as condições mais favoráveis para o desenvolvimento dessa espécie utilizando-se águas salobras. O experimento foi realizado em blocos casualizados com parcelas subdivididas e quatro repetições. As parcelas foram formadas por quatro ambientes com diferentes níveis de sombreamento: 0 (pleno sol), 30, 50 e 70%, e as subparcelas, formadas por cinco níveis crescentes de condutividade elétrica da água de irrigação: 0,4, 1,6, 2,8, 4,0 e 5,2 dS.m-1. Foram avaliadas as variáveis: condutividade elétrica do substrato, trocas gasosas foliares, altura de plantas, produção de biomassa e índice de qualidade de Dickson aos 40 dias em viveiro. O uso do sombreamento artificial favoreceu o desenvolvimento das plantas e a taxa de fotossíntese, mesmo quando irrigadas com água de moderada e elevada salinidade. O IQD mostrou que as plantas de A. colubrina apresentaram maior índice de qualidade quando produzidas sob sombreamento intermediário (30% e 50%), com perdas no rendimento inferiores a 20% quando irrigadas com água com condutividade elétrica de até 2,8 dS.m-1.<br/><br/>Palavras-Chave: Angico Branco; Intensidade luminosa; Estresse salino.
650 ## - ASSUNTO - THESAGRO
Cabeçalho tópico ou nome geográfico ÁRVORE FLORESTAL
650 ## - ASSUNTO - THESAGRO
Cabeçalho tópico ou nome geográfico ANGICO BRANCO
650 ## - ASSUNTO - THESAGRO
Cabeçalho tópico ou nome geográfico FISIOLOGIA VEGETAL
650 ## - ASSUNTO - THESAGRO
Cabeçalho tópico ou nome geográfico CONDUTIVIDADE ELÉTRICA
650 ## - ASSUNTO - THESAGRO
Cabeçalho tópico ou nome geográfico SOMBREAMENTO
650 ## - ASSUNTO - THESAGRO
Cabeçalho tópico ou nome geográfico IRRIGAÇÃO
650 ## - ASSUNTO - THESAGRO
Cabeçalho tópico ou nome geográfico SALINIDADE
773 0# - ENTRADA ANALÍTICA
Host Biblionumber 812
Registro do item 346929
Imprenta Viçosa-MG Sociedade de Investigações Florestais - Universidade Federal de Viçosa. Depto. de Engenharia Florestal 1977
Outro identificador 2024-7727
Título Revista Árvore (Brazil)
ISSN 0100-6762
Colação v. 46 p. 1-12; (2022)
Número de controle de registro BR2024004837
856 ## - ACESSO E ENDEREÇO ELETRÔNICO
Identificador uniforme de recurso - URI https://www.scielo.br/j/rarv/a/jzP3kBKhZfRXXBLwbXYWyXB/?format=pdf&lang=en

Nenhum exemplar disponível.

BINAGRI

Telefone: (61)3218-2567/2388/3357/2097 - binagri@agro.gov.br

Ministério da Agricultura e Pecuária , Esplanada dos Ministérios, Bloco D, Anexo B, Brasília/DF, CEP: 70.043-900